<?xml version="1.0" encoding="UTF-8"?><marc:collection xmlns:marc="http://www.loc.gov/MARC21/slim">
  <marc:record>
    <marc:leader>00000nam  2200000zi 4500</marc:leader>
    <marc:controlfield tag="001">9.872454</marc:controlfield>
    <marc:controlfield tag="003">CaOODSP</marc:controlfield>
    <marc:controlfield tag="005">20221107163641</marc:controlfield>
    <marc:controlfield tag="006">m     o  d f      </marc:controlfield>
    <marc:controlfield tag="007">cr |||||||||||</marc:controlfield>
    <marc:controlfield tag="008">190503t20192019oncd   #ob   f000 0 fre d</marc:controlfield>
    <marc:datafield tag="020" ind1=" " ind2=" ">
      <marc:subfield code="a">9780660307664</marc:subfield>
    </marc:datafield>
    <marc:datafield tag="040" ind1=" " ind2=" ">
      <marc:subfield code="a">CaOODSP</marc:subfield>
      <marc:subfield code="b">fre</marc:subfield>
      <marc:subfield code="e">rda</marc:subfield>
      <marc:subfield code="c">CaOODSP</marc:subfield>
    </marc:datafield>
    <marc:datafield tag="043" ind1=" " ind2=" ">
      <marc:subfield code="a">n-cn---</marc:subfield>
    </marc:datafield>
    <marc:datafield tag="086" ind1="1" ind2=" ">
      <marc:subfield code="a">CS11-0019/426F-PDF</marc:subfield>
    </marc:datafield>
    <marc:datafield tag="100" ind1="1" ind2=" ">
      <marc:subfield code="a">Grekou, Douwere, </marc:subfield>
      <marc:subfield code="e">auteur.</marc:subfield>
    </marc:datafield>
    <marc:datafield tag="245" ind1="1" ind2="0">
      <marc:subfield code="a">Incidence de la propriété d’entreprises par les immigrants sur le commerce international / </marc:subfield>
      <marc:subfield code="c">par Douwere Grekou et Huju Liu, Loretta Fung.</marc:subfield>
    </marc:datafield>
    <marc:datafield tag="264" ind1=" " ind2="1">
      <marc:subfield code="a">[Ottawa] : </marc:subfield>
      <marc:subfield code="b">Statistique Canada = Statistics Canada, </marc:subfield>
      <marc:subfield code="c">2019.</marc:subfield>
    </marc:datafield>
    <marc:datafield tag="264" ind1=" " ind2="4">
      <marc:subfield code="c">©2019</marc:subfield>
    </marc:datafield>
    <marc:datafield tag="300" ind1=" " ind2=" ">
      <marc:subfield code="a">1 ressource en ligne (52 pages) : </marc:subfield>
      <marc:subfield code="b">graphiques.</marc:subfield>
    </marc:datafield>
    <marc:datafield tag="336" ind1=" " ind2=" ">
      <marc:subfield code="a">texte</marc:subfield>
      <marc:subfield code="b">txt</marc:subfield>
      <marc:subfield code="2">rdacontent/fre</marc:subfield>
    </marc:datafield>
    <marc:datafield tag="337" ind1=" " ind2=" ">
      <marc:subfield code="a">informatique</marc:subfield>
      <marc:subfield code="b">c</marc:subfield>
      <marc:subfield code="2">rdamedia/fre</marc:subfield>
    </marc:datafield>
    <marc:datafield tag="338" ind1=" " ind2=" ">
      <marc:subfield code="a">ressource en ligne</marc:subfield>
      <marc:subfield code="b">cr</marc:subfield>
      <marc:subfield code="2">rdacarrier/fre</marc:subfield>
    </marc:datafield>
    <marc:datafield tag="490" ind1="1" ind2=" ">
      <marc:subfield code="a">Direction des études analytiques, documents de recherche, </marc:subfield>
      <marc:subfield code="x">1205-9161 ; </marc:subfield>
      <marc:subfield code="v">n° 426</marc:subfield>
    </marc:datafield>
    <marc:datafield tag="500" ind1=" " ind2=" ">
      <marc:subfield code="a">« Mai 2019. »</marc:subfield>
    </marc:datafield>
    <marc:datafield tag="500" ind1=" " ind2=" ">
      <marc:subfield code="a">Publié aussi en format HTML.</marc:subfield>
    </marc:datafield>
    <marc:datafield tag="500" ind1=" " ind2=" ">
      <marc:subfield code="a">Publié aussi en anglais sous le titre : The impact of immigrant business ownership on international trade.</marc:subfield>
    </marc:datafield>
    <marc:datafield tag="504" ind1=" " ind2=" ">
      <marc:subfield code="a">Comprend des références bibliographiques.</marc:subfield>
    </marc:datafield>
    <marc:datafield tag="520" ind1="3" ind2=" ">
      <marc:subfield code="a">« Comprendre l’incidence des immigrants sur le commerce international est d’une importance particulière pour le Canada, car il s’agit d’une petite économie ouverte comportant une population relativement importante d’immigrants. Le présent document permet d’examiner de manière empirique l’incidence de la propriété d’entreprises par les immigrants sur le commerce international au Canada à l’aide d’une nouvelle base de données sur les entreprises comportant des renseignements détaillés sur la propriété des entreprises et le commerce. Ces nouvelles données permettent de mieux différencier l’effet des immigrants sur la réduction des coûts de l’information et sur la demande de produits, et d’évaluer l’incidence de la propriété d’entreprises par les immigrants sur les marges extensives et la marge intensive du commerce international. Les résultats montrent que, même si l’effet de la propriété d’entreprises par les immigrants sur le commerce international avec toutes les régions partenaires est négligeable ou faible, en moyenne, les entreprises appartenant à des immigrants ont un effet positif et important sur le commerce du Canada avec les régions d’origine des propriétaires immigrants. Comparativement aux entreprises appartenant à des propriétaires nés au Canada, les entreprises appartenant à des immigrants menant des activités dans le secteur de la fabrication ont, en moyenne, une probabilité plus élevée d’effectuer des importations en provenance des régions d’origine des immigrants (soit de 6,7 points de pourcentage) et d’effectuer des exportations vers celles-ci (soit de 2,1 points de pourcentage), toutes choses étant égales par ailleurs. De même, à condition d’être des sociétés importatrices ou exportatrices, les entreprises appartenant à des immigrants possèdent de plus forts liens commerciaux avec les régions d’origine des propriétaires immigrants, comme cela est mesuré par le plus grand nombre de produits et une valeur moyenne plus importante par produit importé ou exporté, que les entreprises appartenant à des propriétaires nés au Canada. L’incidence de la propriété d’entreprises par des immigrants est même plus élevée dans le secteur du commerce de gros, soulignant le rôle des immigrants comme intermédiaires commerciaux. Les propriétaires immigrants admis par l’intermédiaire des catégories d’immigrants des gens d’affaires, de la main-d’oeuvre qualifiée ou des candidats des provinces, et les propriétaires ayant un niveau de scolarité supérieur lors de leur arrivée au pays sont plus susceptibles d’avoir un effet plus important sur le commerce international que les autres propriétaires immigrants » -- Résumé, page 5.</marc:subfield>
    </marc:datafield>
    <marc:datafield tag="692" ind1="0" ind2="7">
      <marc:subfield code="2">gccst</marc:subfield>
      <marc:subfield code="a">Immigrant</marc:subfield>
    </marc:datafield>
    <marc:datafield tag="692" ind1="0" ind2="7">
      <marc:subfield code="2">gccst</marc:subfield>
      <marc:subfield code="a">Entreprise</marc:subfield>
    </marc:datafield>
    <marc:datafield tag="692" ind1="0" ind2="7">
      <marc:subfield code="2">gccst</marc:subfield>
      <marc:subfield code="a">Commerce extérieur</marc:subfield>
    </marc:datafield>
    <marc:datafield tag="700" ind1="1" ind2=" ">
      <marc:subfield code="a">Fung, Loretta, </marc:subfield>
      <marc:subfield code="e">auteur.</marc:subfield>
    </marc:datafield>
    <marc:datafield tag="700" ind1="1" ind2=" ">
      <marc:subfield code="a">Liu, Huju, </marc:subfield>
      <marc:subfield code="d">1977- </marc:subfield>
      <marc:subfield code="e">auteur.</marc:subfield>
    </marc:datafield>
    <marc:datafield tag="710" ind1="2" ind2=" ">
      <marc:subfield code="a">Statistique Canada. </marc:subfield>
      <marc:subfield code="b">Direction des études analytiques.</marc:subfield>
    </marc:datafield>
    <marc:datafield tag="775" ind1="0" ind2="8">
      <marc:subfield code="t">The impact of immigrant business ownership on international trade / </marc:subfield>
      <marc:subfield code="w">(CaOODSP)9.872452</marc:subfield>
    </marc:datafield>
    <marc:datafield tag="830" ind1="#" ind2="0">
      <marc:subfield code="a">Documents de recherche (Statistique Canada. Direction des études analytiques)</marc:subfield>
      <marc:subfield code="x">1205-9161 ; </marc:subfield>
      <marc:subfield code="v">n° 426.</marc:subfield>
      <marc:subfield code="w">(CaOODSP)9.500842</marc:subfield>
    </marc:datafield>
    <marc:datafield tag="856" ind1="4" ind2="0">
      <marc:subfield code="q">PDF</marc:subfield>
      <marc:subfield code="s">411 Ko</marc:subfield>
      <marc:subfield code="u">https://publications.gc.ca/collections/collection_2019/statcan/11f0019m/11f0019m2019014-fra.pdf</marc:subfield>
    </marc:datafield>
    <marc:datafield tag="856" ind1="4" ind2=" ">
      <marc:subfield code="q">HTML</marc:subfield>
      <marc:subfield code="s">S.O.</marc:subfield>
      <marc:subfield code="u">https://www150.statcan.gc.ca/n1/pub/11f0019m/11f0019m2019014-fra.htm</marc:subfield>
    </marc:datafield>
    <marc:datafield tag="986" ind1=" " ind2=" ">
      <marc:subfield code="a">11F0019M - No 426</marc:subfield>
    </marc:datafield>
  </marc:record>
</marc:collection>
